| 000 | 00349nam a22001217a 4500 | ||
|---|---|---|---|
| 008 | 180606b xxu||||| |||| 00| 0 eng d | ||
| 041 | _aeng | ||
| 080 | _a043.3 | ||
| 100 | _a0 | ||
| 101 | _aSHKI-BA | ||
| 245 |
_aActive Directory Infrastructure Design and Network Topology Design for Starcom Software Developer Company _cLushta, B |
||
| 942 |
_2udc _cBK |
||
| 999 |
_c46497 _d46497 |
||